Podium du trophée The Best depuis 2016 - Statistiques

Statistiques générales
  • Ce quiz a été pris 154 fois
    65 depuis la dernière actualisation
  • Le résultat moyen est 24 sur 27
Statistiques - réponses
Hint Réponse % Correct
2016 1er Cristiano Ronaldo
100%
2017 1er Cristiano Ronaldo
100%
2ème Cristiano Ronaldo
100%
2ème Cristiano Ronaldo
100%
3ème Cristiano Ronaldo
100%
2019 1er Lionel Messi
100%
2022 1er Lionel Messi
100%
2023 1er Lionel Messi
100%
2ème Lionel Messi
100%
2ème Lionel Messi
100%
2ème Lionel Messi
100%
3ème Lionel Messi
100%
2018 1er Luka Modric
95%
2024 1er Vinicius JR
91%
2ème Kylian Mbappé
89%
3ème Kylian Mbappé
89%
2ème Erling Haaland
86%
2ème Rodri
86%
2020 1er Robert Lewandowski
84%
2021 1er Robert Lewandowski
84%
3ème Antoine Griezmann
77%
3ème Karim Benzema
72%
3ème Neymar
72%
2ème Virgil Van Dijk
72%
3ème Mohamed Salah
58%
3ème Mohamed Salah
58%
3ème Jude Bellingham
56%
Aucun quiz correspondant
Distribution des résultats
% des personnes avec chaque résultat
Percentile par nombre de réponses
Votre historique - résultats
Vous n’avez pas pris ce quiz depuis la dernière actualisation